[Event "44th National A ch-IND"]
[Site "Atul IND"]
[Date "2006.12.27"]
[Round "11"]
[White "Neelotpal,D"]
[Black "Deepan,C"]
[Result "1/2-1/2"]
[WhiteElo "2490"]
[BlackElo "2501"]

1.e4 c5 2.Nf3 Nc6 3.Nc3 e5 4.Bc4 Be7 5.d3 d6 6.h3 Nf6 7.a3 O-O 8.O-O Be6
9.Nd5 h6 10.c3 a6 11.Re1 b5 12.Ba2 Nb8 13.d4 exd4 14.cxd4 Nxd5 15.exd5 Bf5
16.dxc5 dxc5 17.Ne5 Bd6 18.Qf3 Qf6 19.Bf4  1/2-1/2

[Event "1st Hotel Bern Open"]
[Site "Bern SUI"]
[Date "2006.12.27"]
[Round "3"]
[White "Klein,Gern"]
[Black "Ivkov,B"]
[Result "0-1"]
[WhiteElo "1975"]
[BlackElo "2456"]

1.e4 c5 2.Nf3 Nc6 3.Nc3 g6 4.d4 cxd4 5.Nxd4 Bg7 6.Be3 Nf6 7.Bc4 Qa5 8.O-O O-O
9.Nb3 Qc7 10.Bg5 e6 11.f4 d5 12.exd5 Nb4 13.Be2 Nbxd5 14.Rf3 Nxc3 15.bxc3 Qb6+
16.Qd4 Qxd4+ 17.Nxd4 Nd5 18.Rd3 h6 19.Bh4 Nxf4 20.Rd2 Bxd4+ 21.Rxd4 Nxe2+
22.Kf2 Nxd4 23.Bf6 Nc6 24.Rd1 e5  0-1

[Event "27th Open A"]
[Site "Bethune FRA"]
[Date "2006.12.27"]
[Round "4"]
[White "Van de Wynkele,E"]
[Black "Thorfinnsson,Br"]
[Result "0-1"]
[WhiteElo "2004"]
[BlackElo "2387"]

1.e4 c5 2.Nc3 Nc6 3.Bb5 Nd4 4.Bc4 e6 5.Nf3 a6 6.a4 Ne7 7.Nxd4 cxd4 8.Ne2 Nc6
9.d3 Bc5 10.O-O O-O 11.Bd2 Kh8 12.Ng3 d6 13.Kh1 Bd7 14.f4 f5 15.exf5 exf5
16.Bd5 Qf6 17.c3 Rab8 18.Qf3 Ne7 19.Bxb7 Ng6 20.Nh5 Qd8 21.b4 Ba7 22.c4 Nh4
23.Qd5 Qb6 24.Be1 Ng6 25.Bxa6 Qxa6 26.b5 Qc8 27.Qxd6 Be6 28.Ba5 Rb7 29.b6 Rd8
30.Qb4 Qc6 31.Rab1 Nh4 32.Rb2 Bb8 33.Qe1 Ng6 34.Qa1 Bd6 35.Rb5 Bc5 36.Qb2 Rdb8
37.Rb1 Bd7 38.Bb4 Rxb6 39.Ba3 Qc7 40.Bxc5 Rxb5 41.axb5 Qxc5 42.Ra1 Qd6 43.Ra7 Nf8
44.Qc1 Be6 45.Ra6 Qb4 46.h3 Qc5 47.Ra3 Re8 48.Kh2 Bg8 49.Qa1 Ng6 50.Ra7 Qd6
51.Qa2 Re6 52.b6 Qxb6 53.Ng3 Qd6 54.Ra5  0-1

[Event "27th Open A"]
[Site "Bethune FRA"]
[Date "2006.12.27"]
[Round "4"]
[White "Tissir,M"]
[Black "Nijs,N"]
[Result "0-1"]
[WhiteElo "2490"]
[BlackElo "1912"]

1.e4 c5 2.Nc3 Nc6 3.Bb5 Nd4 4.Bc4 g6 5.Nf3 Bg7 6.O-O d6 7.Nxd4 cxd4 8.Ne2 e6
9.d3 Ne7 10.Bb3 O-O 11.Qe1 Bd7 12.Bd2 b5 13.f3 a5 14.a3 Qb6 15.Kh1 Rfc8 16.Rc1 Nc6
17.f4 Rab8 18.f5 exf5 19.exf5 Bxf5 20.Rxf5 gxf5 21.Ng3 Re8 22.Qf2 Ne7 23.Bg5 d5
24.Bxe7 Rxe7 25.Nxf5 Re5 26.Bxd5 Qf6 27.Be4 Rc8 28.h3 Rec5 29.b4 Qg5 30.Ne7+ Kh8
31.Rg1 Rxc2 32.Qxf7 R2c7 33.Qf5 Qxf5 34.Bxf5 Rd8 35.Re1 Bf6  0-1

[Event "Masters"]
[Site "Singapore SIN"]
[Date "2006.12.27"]
[Round "4"]
[White "Gu Xiaobing"]
[Black "Tu Hoang Thai"]
[Result "0-1"]
[WhiteElo "2361"]
[BlackElo "2414"]

1.e4 c5 2.Nc3 Nc6 3.Bb5 Qb6 4.Nge2 Nf6 5.O-O Nxe4 6.Nxe4 Qxb5 7.N2c3 Qa5
8.d3 e6 9.Bf4 d5 10.Nd6+ Bxd6 11.Bxd6 Nd4 12.Qg4 Nf5 13.Rfe1 Kd8 14.b4 Qxb4
15.Ne4 dxe4 16.dxe4 Nxd6 17.Qxg7 Re8 18.Red1 Kc7 19.e5 Nf5 20.Qxf7+ Re7 21.Qf8 b6
22.Qd8+ Kb7 23.Rab1 Qe4 24.Rd6 Rc7  0-1

[Event "27th Open A"]
[Site "Bethune FRA"]
[Date "2006.12.28"]
[Round "5"]
[White "Roger,M"]
[Black "Charles,Ge"]
[Result "1/2-1/2"]
[WhiteElo "2212"]
[BlackElo "1882"]

1.e4 c5 2.Nc3 Nc6 3.Nf3 g6 4.d4 cxd4 5.Nxd4 Bg7 6.Be3 Nf6 7.Bc4 Qa5 8.O-O O-O
9.Bb3 d6 10.h3 Bd7 11.f4 Nxd4 12.Bxd4 Bc6 13.e5 dxe5 14.fxe5 Nd5 15.e6 fxe6
16.Bxg7 Rxf1+ 17.Qxf1 Kxg7 18.Nxd5 Bxd5 19.c4 Rf8 20.Qe2 Qc5+ 21.Kh1 Bc6
22.Rf1 Rxf1+ 23.Qxf1 Qe3 24.Bd1 Qxh3+ 25.Kg1 Qe3+ 26.Qf2 Qxf2+ 27.Kxf2 Kf6
28.g3 Kf5 29.Ke3 e5 30.b4 b6 31.g4+ Kg5 32.c5 bxc5 33.bxc5  1/2-1/2

[Event "XVII Cracovia A"]
[Site "Krakow POL"]
[Date "2006.12.28"]
[Round "2"]
[White "Stoma,P"]
[Black "Moranda,W"]
[Result "1/2-1/2"]
[WhiteElo "2244"]
[BlackElo "2462"]

1.e4 c5 2.Nc3 Nc6 3.Nf3 g6 4.Bb5 Bg7 5.Bxc6 bxc6 6.d3 e5 7.O-O d6 8.h3 Nf6
9.Be3 h6 10.Nh2 Nh5 11.Qd2 g5 12.Ne2 Nf4 13.Ng3 h5 14.a3 g4 15.Nf5 Bxf5 16.exf5 Qg5
17.Rfe1 Kf8 18.h4 Qxf5 19.b4 Ng6 20.g3 Bf6 21.bxc5 d5 22.Rab1 Kg7 23.Rb7 Rhb8
24.Reb1 Qc8 25.Qb4 Rxb7 26.Qxb7 Be7 27.c3 Bd8 28.Nf1 Nf8 29.Bh6+ Kg8 30.Bxf8 Kxf8
31.Ne3 Ba5  1/2-1/2

[Event "Czech Christmas"]
[Site "Litomysl CZE"]
[Date "2006.12.28"]
[Round "3"]
[White "Kanovsky,D"]
[Black "Vanek,T"]
[Result "1-0"]
[WhiteElo "2390"]
[BlackElo "2218"]

1.e4 c5 2.Nf3 Nc6 3.Nc3 Nf6 4.d4 cxd4 5.Nxd4 e5 6.Ndb5 d6 7.Nd5 Nxd5 8.exd5 Nb8
9.Be2 a6 10.Na3 Be7 11.O-O O-O 12.c3 f5 13.f4 exf4 14.Bxf4 g5 15.Be3 Nd7
16.Bd4 Bf6 17.Nc4 Qc7 18.Bd3 Nc5 19.Bc2 Bd7 20.Ne3 f4 21.Bxh7+ Kg7 22.Bc2 Bxd4
23.cxd4 fxe3 24.Qh5 Rf2 25.Qxg5+ Kh8 26.Qh6+ Kg8 27.Bh7+ Kh8 28.Bg6+ Kg8
29.Qh7+ Kf8 30.Qh8+ Ke7 31.Qh4+  1-0

[Event "1st Hotel Bern Open"]
[Site "Bern SUI"]
[Date "2006.12.29"]
[Round "6"]
[White "Haener,P"]
[Black "Kuemin,S"]
[Result "0-1"]
[WhiteElo "2212"]
[BlackElo "2368"]

1.e4 c5 2.Nf3 Nc6 3.Nc3 d6 4.Bc4 Nf6 5.d4 cxd4 6.Nxd4 e6 7.O-O Be7 8.Be3 O-O
9.Bb3 Nxd4 10.Bxd4 b5 11.a3 Bb7 12.f3 a6 13.Qd2 Qc7 14.Qf2 Rac8 15.Qg3 Rfe8
16.Kh1 Qb8 17.Rad1 Red8 18.Rfe1 Qa8 19.Rd3 Bc6 20.Nd1 e5 21.Bb6 Nh5 22.Qg4 g6
23.Bxd8 Rxd8 24.Bd5 Bxd5 25.exd5 Nf4 26.Rd2 h5 27.Qg3 h4 28.Qf2 h3 29.g3 Nxd5
30.Ne3 Nf6 31.Red1 d5 32.Ng4 Nxg4 33.fxg4 d4+ 34.Kg1 Bc5 35.c3 Ba7 36.Rf1 d3  0-1

[Event "Steinhart Mem"]
[Site "Herzeliya ISR"]
[Date "2006.12.29"]
[Round "6"]
[White "Deutsch,E"]
[Black "Lev,R"]
[Result "1-0"]
[WhiteElo "2363"]
[BlackElo "2414"]

1.e4 c5 2.Nc3 Nc6 3.Bb5 Nd4 4.Nf3 Nxb5 5.Nxb5 d6 6.d4 Nf6 7.Nc3 cxd4 8.Qxd4 Bg4
9.Bg5 Bxf3 10.gxf3 e6 11.O-O-O h6 12.Bxf6 gxf6 13.Nb5 Rg8 14.Qa4 Qd7 15.Nc7+ Kd8
16.Qxd7+ Kxd7 17.Nxa8 h5 18.Kd2 Bh6+ 19.Ke2 Rxa8 20.Rhg1 Rc8 21.c3 Ke7 22.Rg3 Bf4
23.Rg2 Rc5 24.Rd4 b5 25.a4 a5 26.Rd1 bxa4 27.Kd3 d5 28.Ra1 Rc4 29.Rg8 Bxh2
30.Rh8 Rc5 31.Rxa4 Bc7 32.Ra1 dxe4+ 33.fxe4 f5 34.Ra4 Rb5 35.exf5 Rxf5 36.Ke2 Re5+
37.Kf1 Rb5 38.Rc4 Bd6 39.Ra8 Kf6 40.Rc6 Bf4 41.Rc4 Bd6 42.Rd4 Be5 43.Rd2 Bf4
44.Rc2 Kg6 45.Rg8+ Kf6 46.Rc8 Ke7 47.Rc4 Bd6 48.Rd4 Bc5 49.Re4 Bd6 50.Rd2 Bc7
51.Red4 Be5 52.Rd7+ Kf6 53.Kg2 Bf4 54.Rc2 Be5 55.Kh3 Bf4 56.Kg2 Be5 57.c4 Rc5
58.Rb7 Bd4 59.Rb5 e5 60.b3 Ke6 61.Rb6+ Ke7 62.Rh6 e4 63.Re2 Re5 64.f4 exf3+
65.Kxf3 Rxe2 66.Kxe2 f5 67.Rxh5 Ke6 68.Kd3 Bc5 69.Rh8 Kd7 70.Ra8 Bb6 71.Rf8 Ke6
72.Rb8 Bc7 73.Rb7 Kd6 74.Rb5 f4 75.Kd4 Kc6 76.Rf5 Bb6+ 77.c5 Bc7 78.Kc4  1-0

[Event "1st Open"]
[Site "Illes Medes ESP"]
[Date "2006.12.29"]
[Round "2"]
[White "Landenbergue,C"]
[Black "Przezdziecka,M"]
[Result "1-0"]
[WhiteElo "2446"]
[BlackElo "2299"]

1.e4 c5 2.Nf3 Nc6 3.Nc3 d6 4.d4 cxd4 5.Nxd4 Nf6 6.f3 e6 7.Be3 Be7 8.Qd2 O-O
9.g4 d5 10.g5 Nxd4 11.Bxd4 Nd7 12.Rg1 e5 13.Bf2 d4 14.Nd5 Nb6 15.Nxe7+ Qxe7
16.f4 exf4 17.O-O-O Be6 18.Kb1 Bc4 19.Qxf4 Qb4 20.Bxd4 Rfe8 21.Bxc4 Qxc4
22.b3 Qe6 23.Rgf1 Nc8 24.Bb2 a5 25.Rd5 a4 26.h4 axb3 27.axb3 Na7 28.h5 Nc6
29.h6 Rad8 30.Rf5 Qxe4 31.Rxf7 Qxf4 32.Rxg7+ Kh8 33.Rxf4 Re1+ 34.Bc1  1-0

[Event "16th North American Open"]
[Site "Las Vegas USA"]
[Date "2006.12.29"]
[Round "6"]
[White "Liu,E"]
[Black "Khachiyan,M"]
[Result "1/2-1/2"]
[WhiteElo "2196"]
[BlackElo "2462"]

1.e4 c5 2.Nc3 Nc6 3.Bb5 e5 4.Bxc6 dxc6 5.d3 Be6 6.f4 exf4 7.Bxf4 Ne7 8.Nge2 Ng6
9.O-O Bd6 10.Bxd6 Qxd6 11.Qe1 O-O 12.Nd1 Qe5 13.Qg3 Rad8 14.Qxe5 Nxe5 15.b3 b5
16.Ne3 Ng4 17.Rf3 Rfe8 18.Rd1 Nxe3  1/2-1/2

[Event "Masters"]
[Site "Singapore SIN"]
[Date "2006.12.29"]
[Round "7"]
[White "Gu Xiaobing"]
[Black "Su Yamin"]
[Result "1-0"]
[WhiteElo "2361"]
[BlackElo "2214"]

1.e4 c5 2.Nc3 Nc6 3.Bb5 e6 4.Bxc6 bxc6 5.Nf3 d5 6.d3 Nf6 7.O-O Be7 8.b3 O-O
9.e5 Nd7 10.Re1 Rb8 11.Bf4 Rb4 12.Bd2 Rb7 13.Ne2 f6 14.exf6 Bxf6 15.Nf4 Nb6
16.c3 Bxc3 17.Bxc3 Rxf4 18.Ne5 Qe8 19.Rc1 Rf5 20.Ba1 Qf8 21.Qe2 Rc7 22.d4 cxd4
23.Nxc6 d3 24.Qxd3 Rxf2 25.Bd4 Rf5 26.Bc5 Qf6 27.Ne7+  1-0

[Event "Weihnachtsopen Masters"]
[Site "Zurich SUI"]
[Date "2006.12.29"]
[Round "5"]
[White "Galdunts,S"]
[Black "Lehmann,A"]
[Result "1-0"]
[WhiteElo "2502"]
[BlackElo "2181"]

1.e4 c5 2.Nf3 Nc6 3.Nc3 Nf6 4.Bb5 Nd4 5.e5 Nxb5 6.Nxb5 Nd5 7.Ng5 h6 8.Nxf7 Kxf7
9.Qf3+ Nf6 10.exf6 gxf6 11.Qh5+ Kg7 12.Qxc5 d5 13.d4 Bf5 14.Nc3 e6 15.Qb5 b6
16.Bf4 Bd6 17.Bxd6 Qxd6 18.Qe2 h5 19.Nd1 Qf4 20.Qd2 Qxd2+ 21.Kxd2 e5 22.Ne3 Be6
23.c3 Kf7 24.h4 Rhg8 25.g3 b5 26.Rhe1 a5 27.Nc2 e4 28.Ne3 b4 29.a3 Rgb8 30.axb4 axb4
31.cxb4 Rxa1 32.Rxa1 Rxb4 33.Ra7+ Ke8 34.Kc3 Rb6 35.Ra5 Rd6 36.b4 Rd8 37.b5 Ke7
38.Kb4 Rc8 39.b6 Rc1 40.Nxd5+ Kd6 41.Nc3 f5  1-0

[Event "15th Donau Open"]
[Site "Aschach an der Donau AUT"]
[Date "2006.12.30"]
[Round "6"]
[White "Szoen,D"]
[Black "Rusev,K"]
[Result "1-0"]
[WhiteElo "2441"]
[BlackElo "2409"]

1.e4 c5 2.Nc3 Nc6 3.Nf3 d6 4.d4 cxd4 5.Nxd4 Nf6 6.Bg5 Bd7 7.Qd2 Rc8 8.Nb3 a6
9.Bxf6 gxf6 10.Be2 f5 11.Qg5 h6 12.Qg3 Ne5 13.f4 Nc4 14.O-O-O h5 15.Bxc4 Rxc4
16.Rhe1 Bh6 17.Kb1 Kf8 18.Qd3 b5 19.exf5 Rxf4 20.Nd4 Bg7 21.Qe3 Rg4 22.h3 Rxg2
23.Qf3 Bxd4 24.Rxd4 Rhg8 25.Qxh5 Qb6 26.Qh6+ R8g7 27.Rde4 Bxf5 28.Rxe7 Qc6
29.Re8+ Qxe8 30.Qxd6+  1-0

[Event "27th Open A"]
[Site "Bethune FRA"]
[Date "2006.12.30"]
[Round "9"]
[White "Abergel,T"]
[Black "Simon,O"]
[Result "1/2-1/2"]
[WhiteElo "2474"]
[BlackElo "2388"]

1.e4 c5 2.Nc3 Nc6 3.Nf3 e5 4.Bc4 Be7 5.d3 Nf6 6.O-O O-O 7.Bg5 d6 8.Bxf6 Bxf6
9.Nd5 g6 10.a3 Bg7 11.b4 Kh8 12.bxc5 dxc5 13.Rb1 f5 14.exf5 gxf5 15.Re1 Qd6
16.Nd2 b6 17.Ne3 Ne7 18.Qh5 Ng6 19.a4 Nf4 20.Qf3 Rb8 21.Bd5 Nxd5 22.Ndc4 Qd7
23.Qxd5 Qxd5 24.Nxd5 e4 25.dxe4 fxe4 26.Nd6 Bd4 27.Rxe4 Bxf2+ 28.Kh1 Bd7
29.Re7 Bxa4 30.Ra1 Bxc2 31.Nf7+ Kg8 32.Nh6+ Kh8 33.Nf7+ Kg8 34.Nh6+  1/2-1/2

[Event "27th Open A"]
[Site "Bethune FRA"]
[Date "2006.12.30"]
[Round "9"]
[White "Marholev,D"]
[Black "Thorfinnsson,Br"]
[Result "1-0"]
[WhiteElo "2391"]
[BlackElo "2387"]

1.e4 c5 2.Nc3 Nc6 3.Bb5 Nd4 4.Bc4 e6 5.Nge2 Ne7 6.Nxd4 cxd4 7.Ne2 Nc6 8.O-O g6
9.d3 Bg7 10.Bf4 d6 11.Qd2 h6 12.a3 g5 13.Bg3 e5 14.c3 dxc3 15.bxc3 O-O 16.f3 Kh8
17.Rab1 f5 18.exf5 d5 19.Ba2 b6 20.f6 Rxf6 21.h4 Rg6 22.hxg5 hxg5 23.Kf2 Be6
24.Rh1+ Kg8 25.d4 exd4 26.Nxd4 Nxd4 27.cxd4 Qf6 28.Be5 Qf7 29.Rbe1 Rf8 30.Bxg7 Kxg7
31.Re5 g4 32.Bb1 g3+  1-0

[Event "1st Open"]
[Site "Illes Medes ESP"]
[Date "2006.12.30"]
[Round "4"]
[White "Picard,Ro"]
[Black "Fluvia Poyatos,J"]
[Result "0-1"]
[WhiteElo "2318"]
[BlackElo "2457"]

1.e4 c5 2.Nf3 Nc6 3.Nc3 e5 4.Bc4 Be7 5.d3 d6 6.O-O Nf6 7.Ng5 O-O 8.f4 Bg4
9.Qe1 exf4 10.Bxf4 Nd4 11.Qd2 Qd7 12.a4 h6 13.Nf3 Nxf3+ 14.gxf3 Be6 15.Bxe6 fxe6
16.Qg2 Kh7 17.Kh1 Qe8 18.Qh3 Qf7 19.Bd2 d5 20.Rf2 c4 21.dxc4 Nxe4 22.Nxe4 dxe4
23.Be3 exf3 24.Raf1 Qg6 25.Rxf3 Rxf3 26.Rxf3 Rd8 27.Rf1 Qe4+ 28.Qf3 Qxc4
29.b3 Qxc2 30.Qxb7 Rd5 31.Kg1 Qg6+  0-1

[Event "Czech Christmas"]
[Site "Litomysl CZE"]
[Date "2006.12.30"]
[Round "6"]
[White "Groetz,H"]
[Black "Svoboda,V2"]
[Result "1-0"]
[WhiteElo "2399"]
[BlackElo "2129"]

1.e4 c5 2.Nc3 Nc6 3.Bb5 g6 4.Bxc6 bxc6 5.d3 Bg7 6.Nge2 d6 7.Be3 e5 8.Qd2 f5
9.exf5 Bxf5 10.O-O Nf6 11.Bh6 O-O 12.Bxg7 Kxg7 13.f4 exf4 14.Rxf4 Nd5 15.Nxd5 cxd5
16.Raf1 Qd7 17.Ng3 Rf7 18.Nxf5+ gxf5 19.d4 c4 20.Qa5 Qb7 21.Rxf5 Rxf5 22.Rxf5 Qxb2
23.Qxd5 Qc1+ 24.Rf1 Qe3+ 25.Kh1 Rf8 26.Rg1 Qe2 27.Qxd6 Qxc2 28.Qe7+ Rf7 29.Qe5+ Kg8
30.Re1 Qd2 31.h3 c3 32.Re3 c2 33.Qg5+  1-0

[Event "Czech Christmas"]
[Site "Litomysl CZE"]
[Date "2006.12.31"]
[Round "8"]
[White "Groetz,H"]
[Black "Novotny,M1"]
[Result "1-0"]
[WhiteElo "2399"]
[BlackElo "2238"]

1.e4 c5 2.Nc3 Nc6 3.Bb5 e6 4.Bxc6 bxc6 5.d3 Ba6 6.f4 Nf6 7.Nf3 c4 8.d4 Bb4
9.e5 Nd5 10.Bd2 Qa5 11.Nxd5 cxd5 12.a3 Bxd2+ 13.Qxd2 Qxd2+ 14.Kxd2 Rb8 15.Kc3 Ke7
16.g3 Rb6 17.Rab1 Rhb8 18.Nd2 Bb5 19.Rhf1 Ba4 20.f5 f6 21.exf6+ gxf6 22.Rf4 exf5
23.Nf3 Re6 24.Re1 Rb6 25.Rxf5 Rxe1 26.Nxe1 Re6 27.Kd2 Rb6 28.Rxd5 Bc6 29.Ra5 Rxb2
30.d5 Rb5 31.Rxb5 Bxb5 32.Kc3 Kd6 33.Kd4 Ba4 34.c3 Bd1 35.Ng2 Bf3 36.Ne3 Kc7
37.Nxc4 d6 38.Nd2  1-0

[Event "1st Open"]
[Site "Illes Medes ESP"]
[Date "2007.01.01"]
[Round "6"]
[White "Kurmann,O"]
[Black "Muratet Casadevall,A"]
[Result "1-0"]
[WhiteElo "2417"]
[BlackElo "2204"]

1.e4 c5 2.Nf3 Nc6 3.Nc3 g6 4.d4 cxd4 5.Nxd4 Bg7 6.Be3 d6 7.Qd2 Nf6 8.f3 O-O
9.Bc4 Bd7 10.O-O-O Ne5 11.Bb3 Rc8 12.Kb1 Nc4 13.Bxc4 Rxc4 14.g4 Qb8 15.b3 Rc5
16.g5 Nh5 17.Nd5 Re8 18.Ne2 b6 19.Ng3 a5 20.Nxh5 gxh5 21.Rhg1 Rxd5 22.Qxd5 Be6
23.Qd3 b5 24.Bd4 Bc4 25.Qe3 Bxd4 26.Rxd4 e5 27.Rd2 Rc8 28.Rgd1 Rc6 29.f4 exf4
30.Qxf4  1-0

[Event "1st Open"]
[Site "Illes Medes ESP"]
[Date "2007.01.02"]
[Round "7"]
[White "Bartel,Mat"]
[Black "Hamdouchi,H"]
[Result "1-0"]
[WhiteElo "2569"]
[BlackElo "2582"]

1.e4 c5 2.Nf3 Nc6 3.Nc3 Nf6 4.Bb5 Qc7 5.O-O Nd4 6.Re1 a6 7.Bf1 e5 8.Ne2 Nxe2+
9.Qxe2 d6 10.c3 Be7 11.d4 O-O 12.a4 cxd4 13.cxd4 Bg4 14.d5 Ne8 15.h3 Bd7
16.Be3 f5 17.Rec1 Qd8 18.Qc4 Kh8 19.Qb4 fxe4 20.Bb6 Qb8 21.Nxe5 Bf5 22.Nc4 Nf6
23.Ne3 Bg6 24.Bc7 Qa7 25.Bxd6 Nxd5 26.Nxd5 Qxf2+ 27.Kh1 Bxd6 28.Qxd6 e3 29.Nc3 Qxb2
30.Qa3 Qf2 31.Re1 Rfe8 32.Re2 Qh4 33.Nd1 Be4 34.Rxe3 Bc6 35.a5 Rxe3 36.Qxe3 Re8
37.Qc3 Qe1 38.Kg1 Bb5 39.Qf3 h6 40.Rb1 Bxf1 41.Qxf1 Qxa5 42.Nf2 b5 43.Ng4 Qb6+
44.Kh1 Qe6 45.Ra1 h5 46.Nh2 Rc8 47.Qf3  1-0

[Event "1st Open"]
[Site "Illes Medes ESP"]
[Date "2007.01.04"]
[Round "9"]
[White "Bartel,Mat"]
[Black "Fluvia Poyatos,J"]
[Result "1-0"]
[WhiteElo "2569"]
[BlackElo "2457"]

1.e4 c5 2.Nf3 Nc6 3.Nc3 Nf6 4.Bb5 Qc7 5.O-O Nd4 6.Re1 a6 7.Bc4 e6 8.e5 Ng4
9.Nxd4 Nxe5 10.Nf5 Nxc4 11.Qg4 Ne5 12.Nxg7+ Bxg7 13.Qxg7 Ng6 14.d4 cxd4 15.Nd5 Qc5
16.Re5 Qf8 17.Qf6 d6 18.Re1 Rb8 19.Qxd4 b6 20.Qc3 Bd7 21.Bg5  1-0

[Event "13th Festival A"]
[Site "Zupanja CRO"]
[Date "2007.01.05"]
[Round "3"]
[White "Plenkovic,Z"]
[Black "Ivanov,Stoi"]
[Result "1/2-1/2"]
[WhiteElo "2366"]
[BlackElo "2201"]

1.e4 c5 2.Nf3 Nc6 3.Nc3 Nf6 4.Bb5 Nd4 5.e5 Nxb5 6.Nxb5 Nd5 7.Ng5 f6 8.Qf3 fxg5
9.Qxd5 Qb6 10.Nc3 Qc6 11.d3 h6 12.Be3 b6 13.Qxc6 dxc6 14.a4 a5 15.O-O-O Be6
16.h4 gxh4 17.Rxh4 Rg8 18.f3 g5 19.Rh2 Bg7 20.Bd2 Kd7 21.Re1 Raf8 22.Ne4 Rf5
23.Bxa5 Kc7 24.Bc3 Rf4 25.a5 Rh4 26.axb6+ Kxb6 27.Rxh4 gxh4 28.Rh1 h5 29.Rxh4 Bh6+
30.Bd2 Bxd2+ 31.Kxd2 Rxg2+ 32.Kc3 Bf7 33.b3 Bg6 34.Nd2 Kc7 35.Ne4 Kb6 36.f4 c4
37.bxc4 Bxe4 38.dxe4 Kc5 39.Rxh5 Rg3+ 40.Kb2 Rf3 41.Rf5 Kxc4 42.e6 Kd4 43.Rf7 Kxe4
44.Rxe7 Kd5 45.c4+ Kd6 46.Re8 Rxf4 47.Kb3 Kc5 48.Rg8 Rf3+ 49.Kc2 Re3 50.Rg6 Kxc4
51.Kd2 Re5 52.e7 c5 53.Rg4+ Kb5 54.Rg7 Kc6 55.Kc3 Kd7 56.e8=Q+ Kxe8 57.Kc4  1/2-1/2

[Event "Petrovskaya Ladya Open"]
[Site "Peterhof RUS"]
[Date "2007.01.06"]
[Round "4"]
[White "Balakirev,I"]
[Black "Utkin,Alex"]
[Result "0-1"]
[WhiteElo "2176"]
[BlackElo "2236"]

1.e4 c5 2.Nf3 Nc6 3.Nc3 e5 4.Bc4 Be7 5.d3 Nf6 6.Ng5 O-O 7.f4 d5 8.exd5 Nd4
9.O-O Bg4 10.Qd2 exf4 11.Nge4 f3 12.Qf4 fxg2 13.Rf2 Nxe4 14.dxe4 h5 15.Rxg2 Nf3+
16.Kh1 Bd6 17.Qe3 f5 18.Bd2 f4 19.Qf2 Ne5 20.Bf1 Bf3 21.h4 Bxg2+ 22.Bxg2 Ng4
23.Qf3 Qxh4+ 24.Bh3 Ne5  0-1

[Event "Petrovskaya Ladya Open"]
[Site "Peterhof RUS"]
[Date "2007.01.07"]
[Round "5"]
[White "Bocharov,L"]
[Black "Hylapov,Va"]
[Result "1-0"]
[WhiteElo "2147"]
[BlackElo "2074"]

1.e4 c5 2.Nc3 Nc6 3.Nf3 a6 4.g3 g6 5.Bg2 Bg7 6.O-O e5 7.d3 d6 8.Be3 Nge7
9.Ng5 O-O 10.Qd2 Nd4 11.f4 f5 12.a4 Rb8 13.a5 h6 14.Nf3 b5 15.fxe5 dxe5 16.Bxh6 b4
17.Bxg7 bxc3 18.Qh6 Nxf3+ 19.Bxf3 Qd4+ 20.Kh1 Rd8 21.Bf6 Kf7 22.Qg7+  1-0

[Event "13th Festival A"]
[Site "Zupanja CRO"]
[Date "2007.01.07"]
[Round "6"]
[White "Zivkovic,Vj"]
[Black "Sertic,Ru"]
[Result "1/2-1/2"]
[WhiteElo "2441"]
[BlackElo "2346"]

1.e4 c5 2.Nf3 Nc6 3.Nc3 Nf6 4.Bb5 d6 5.e5 dxe5 6.Nxe5 Qc7 7.Bxc6+ bxc6 8.Qe2 Bf5
9.d3 e6 10.Bf4 Bd6 11.Bg3 Bxe5 12.Bxe5 Qa5 13.O-O O-O 14.Bxf6 gxf6 15.Nd1 Qb4
16.b3 Bg4 17.f3 Qd4+ 18.Ne3 Bh5 19.Kh1 f5 20.a4 Qe5 21.Rfe1 f6 22.Nc4 Qxe2
23.Rxe2 e5 24.Nd6 Bg6 25.Nb7 Rab8 26.Na5 Rbc8 27.Kg1 Rfd8 28.Kf2 Rd4 29.Rae1 Rc7
30.Nc4  1/2-1/2

[Event "Petrovskaya Ladya Open"]
[Site "Peterhof RUS"]
[Date "2007.01.10"]
[Round "8"]
[White "Balakirev,I"]
[Black "Nezbailo,D"]
[Result "1-0"]
[WhiteElo "2176"]
[BlackElo "2035"]

1.e4 c5 2.Nf3 Nc6 3.Nc3 d6 4.d4 cxd4 5.Nxd4 Nf6 6.Bc4 e6 7.Bb3 Be7 8.O-O O-O
9.Be3 a6 10.f4 Bd7 11.Qf3 Nxd4 12.Bxd4 Bc6 13.Rae1 Qc7 14.Qg3 Rac8 15.e5 dxe5
16.Bxe5 Qb6+ 17.Kh1 g6 18.f5 exf5 19.Rxf5 Bd7 20.Rxf6 Bxf6 21.Nd5 Bxe5 22.Qxe5 Qd8
23.Ne7+ Qxe7 24.Qxe7 Rce8 25.Qh4 Rxe1+ 26.Qxe1 Re8 27.Qf2 Re7 28.h3 Bf5 29.Bd5 Be6
30.Qf6 Re8 31.Bxb7 Bxa2 32.b3 Re1+ 33.Kh2 Bb1 34.Bd5  1-0

[Event "Petrovskaya Ladya Open"]
[Site "Peterhof RUS"]
[Date "2007.01.11"]
[Round "9"]
[White "Bocharov,L"]
[Black "Utkin,Alex"]
[Result "1-0"]
[WhiteElo "2147"]
[BlackElo "2236"]

1.e4 c5 2.Nf3 Nc6 3.Nc3 e5 4.g3 g6 5.Bg2 Bg7 6.O-O Nge7 7.d3 O-O 8.Be3 d6
9.Ng5 h6 10.Nh3 Be6 11.f4 Qd7 12.f5 gxf5 13.Qh5 f4 14.gxf4 Bg4 15.Qh4 Ng6
16.Qg3 exf4 17.Nxf4 Kh7 18.h3 Be6 19.Nh5 Rg8 20.Nf6+ Bxf6 21.Rxf6 Nce5 22.Raf1 Raf8
23.Bc1 Kg7 24.Nd5 Bxd5 25.exd5 Qe7 26.c3 Rh8 27.d4 Nd7 28.Rxd6 cxd4 29.Re1 Ne5
30.Bf4  1-0

[Event "TCh-FIN 2006-7"]
[Site "Jyvaskyla FIN"]
[Date "2007.01.13"]
[Round "6"]
[White "Nieminen,K"]
[Black "Herranen,M"]
[Result "0-1"]
[WhiteElo "2195"]
[BlackElo "2071"]

1.e4 c5 2.Nc3 Nc6 3.Nf3 e6 4.Be2 d6 5.d4 cxd4 6.Nxd4 Nf6 7.O-O Be7 8.Be3 O-O
9.Kh1 Qc7 10.f4 a6 11.Qe1 Bd7 12.Qg3 Kh8 13.Rae1 b5 14.a3 b4 15.axb4 Nxb4
16.e5 dxe5 17.fxe5 Nfd5 18.Nxd5 Nxd5 19.Bc1 Bc5 20.Nb3 Be7 21.Qh3 Bb5 22.Nd4 Bxe2
23.Rxe2 Qc4 24.c3 Bc5 25.Qg4 Bxd4 26.Rd1 f5 27.exf6 Nxf6 28.Qxe6 Qxe6 29.Rxe6 Bc5
30.h3 Rad8 31.Rxd8 Rxd8 32.Bf4 Nh5 33.Be5 Rd1+ 34.Kh2 Bg1+ 35.Kh1 Kg8 36.g4 Kf7
37.Rxa6 Bd4+ 38.Kg2 Bxe5 39.gxh5 Rd2+ 40.Kf3 Rxb2 41.c4 h6 42.Ke4 Bh2 43.Ra7+ Kg8
44.c5 Rb3 45.c6 Rxh3 46.c7 Bxc7 47.Rxc7 Rxh5 48.Kf3 Rg5 49.Kf4 Rg1 50.Rc5 Kf7
51.Rc6 h5 52.Kf3 g6 53.Ra6 Kg7 54.Kf4 Kh6 55.Kf3 h4 56.Kf2 Rg4 57.Ra3 Kh5
58.Ra5+ g5 59.Ra3 Rf4+ 60.Kg2 Kg4 61.Rb3 Ra4 62.Rb2 h3+ 63.Kh2 Kh4 64.Rc2 g4
65.Rc1 Ra2+ 66.Kh1 Re2 67.Ra1 Kg3 68.Ra3+ Kf4 69.Rb3 g3 70.Rb1 Kf3 71.Ra1 Re3
72.Rb1 Rd3 73.Re1 Kf2 74.Rf1+ Ke2  0-1

[Event "Open A"]
[Site "Prague CZE"]
[Date "2007.01.13"]
[Round "3"]
[White "Marholev,D"]
[Black "Schula,M"]
[Result "1/2-1/2"]
[WhiteElo "2345"]
[BlackElo "2230"]

1.e4 c5 2.Nc3 Nc6 3.Bb5 Nd4 4.Bc4 e6 5.Nge2 Ne7 6.Nxd4 cxd4 7.Ne2 Nc6 8.O-O g6
9.d3 Bg7 10.Bf4 d6 11.Qd2 O-O 12.Bh6 f6 13.Bxg7 Kxg7 14.b4 e5 15.b5 Qa5 16.Qc1 Ne7
17.c3 dxc3 18.Nxc3 Bd7 19.a4 Rac8 20.Qa3 Rc5 21.f4 exf4 22.Rxf4 Be6 23.Bxe6 Qxc3
24.Qxc3 Rxc3 25.d4 f5 26.Raf1 g5 27.R4f3 Rxf3 28.gxf3 fxe4 29.fxe4 Rxf1+
30.Kxf1 Kf6 31.Bd7 b6 32.Kf2 Ng6 33.Bf5 h6 34.Bd7 Nf4 35.Ke3 Ng2+ 36.Kf2 Nf4
37.Ke3  1/2-1/2

[Event "5th Parsvnath Open"]
[Site "New Delhi IND"]
[Date "2007.01.15"]
[Round "2"]
[White "Deepan,C"]
[Black "Uddin,S"]
[Result "1-0"]
[WhiteElo "2504"]
[BlackElo "2180"]

1.e4 c5 2.Nf3 Nc6 3.Nc3 d6 4.d4 cxd4 5.Nxd4 Nf6 6.Bg5 e6 7.Qd2 a6 8.O-O-O Be7
9.h4 b5 10.Kb1 b4 11.Nb3 Na5 12.Bc4 Nd7 13.Bb5 axb5 14.Bf4 Nb7 15.Bxd6 Ra5
16.a3 bxa3 17.h5 axb2 18.h6 Ra1+ 19.Kxb2 Ra3  1-0

[Event "ch-CUB Open"]
[Site "Santa Clara CUB"]
[Date "2007.01.15"]
[Round "6"]
[White "Fernandez,Alex"]
[Black "Martinez,Lel"]
[Result "1-0"]
[WhiteElo "2372"]
[BlackElo "2397"]

1.e4 c5 2.Nc3 Nc6 3.Bb5 e5 4.Bxc6 dxc6 5.d3 Bd6 6.Be3 Ne7 7.Nge2 Ng6 8.Qd2 Be6
9.f4 exf4 10.Nxf4 Nxf4 11.Bxf4 Qh4+ 12.g3 Bxf4 13.Qxf4 Qxf4 14.gxf4 f5 15.e5 Rd8
16.Rg1 Kf7 17.b3 h6 18.h4 g5 19.hxg5 hxg5 20.fxg5 Rd4 21.Ne2 Rg4 22.Kd2 Rg8
23.Raf1 R8xg5 24.Rxg4 Rxg4 25.Nf4 b6 26.c4 Ke7 27.Ke3 Bf7 28.Rh1 a5 29.Rh6 Be8
30.Rh7+ Kf8 31.Rb7 Rg1 32.Kf2 Ra1 33.Rxb6 Rxa2+ 34.Kg3 a4 35.bxa4 Rxa4 36.Rb7 Ra1
37.Ne6+ Kg8 38.Rg7+ Kh8 39.Re7 Rg1+ 40.Kf2 Rg8 41.Nxc5 Bh5 42.Rc7 f4 43.Rxc6 Rg5
44.e6 Re5 45.Ne4 Bg4 46.Rc8+ Kg7 47.Rc7+ Kg6 48.e7 Bh5 49.Ra7 Kf7 50.c5 Rxe7
51.Ng5+ Ke8 52.Rxe7+ Kxe7 53.Nh3 f3 54.Ng5 Kd7 55.Nxf3 Kc6 56.d4 Kd5 57.Ke3 Be8
58.Ne5 Bb5 59.Ng6 Bc4 60.Nf4+ Kc6 61.Ke4 Bb3 62.Ke5 Bc4 63.Ng6 Bb3 64.Ne7+ Kd7
65.Nd5 Kc6 66.Nb4+ Kb5 67.c6 Bd1 68.d5 Bg4 69.d6 Kb6 70.d7 Kc7 71.Nd5+ Kd8
72.Kd6 Bxd7 73.c7+ Kc8 74.Ne7+  1-0

[Event "Open A"]
[Site "Prague CZE"]
[Date "2007.01.16"]
[Round "7"]
[White "Novak,Va"]
[Black "Simkin,A"]
[Result "1/2-1/2"]
[WhiteElo "2041"]
[BlackElo "1965"]

1.e4 c5 2.Nf3 Nc6 3.Nc3 e6 4.d3 d5 5.g3 d4 6.Ne2 e5 7.Bg2 Nf6 8.O-O Be7 9.c3 O-O
10.Qc2 Bg4 11.Nh4 Qd7 12.f4 exf4 13.Bxf4 Nh5 14.Nf3 Rad8 15.Rad1 Bh3 16.Ne5 Nxe5
17.Bxe5 Bxg2 18.Kxg2 f6  1/2-1/2